La condición jurídica del cónyuge viudo en el derecho visigodo y en los fueros de León y Castilla

সংরক্ষণ করুন:
গ্রন্থ-পঞ্জীর বিবরন
প্রধান লেখক: Gacto Fernández, Enrique (Author)
বিন্যাস: গ্রন্থ
ভাষা:স্প্যানিশ
প্রকাশিত: Sevilla Publicaciones de la Universidad de Sevilla 1975
মালা:Derecho, 27
বিষয়গুলি:
ট্যাগগুলো: ট্যাগ যুক্ত করুন
কোনো ট্যাগ নেই, প্রথমজন হিসাবে ট্যাগ করুন!

MARC

LEADER 00000nam a2200000 a 4500
001 UCR2523
003 CL-VaPUC
008 980112e19750000SP |||||||||||||||||spa|d
082 0 4 |a 349.46  |b GAC  |2 21 
100 |a Gacto Fernández, Enrique  |e author  |9 418915 
245 1 3 |a La condición jurídica del cónyuge viudo en el derecho visigodo y en los fueros de León y Castilla 
300 |a 231 p 
942 |c BK 
945 |d 19980112 00:00:00  |a crobeson 
260 |a Sevilla  |b Publicaciones de la Universidad de Sevilla  |c 1975 
650 0 |a Derecho privado  |9 258243 
650 0 |a Derecho visigodo  |9 392738 
650 0 |a Derecho comparado  |9 255664 
650 7 |a CONYUGES  |2 CL-VaPUC  |9 256936 
650 7 |a CONYUGES SITUACION LEGAL  |2 CL-VaPUC  |9 400417 
583 |a last modification  |c 19980112 00:00:00  |k Rodrigo Vera 
490 0 |a Derecho, 27 
999 |c 265658  |d 265656 
952 |0 0  |1 0  |4 0  |6 349_460000000000000_GAC_1975  |7 0  |8 A  |9 296672  |a BIBDER  |b BIBDER  |d 2019-11-20  |i 1924788  |o 349.46 GAC 1975  |p 1924788  |r 2019-11-20  |w 2019-11-20  |y BK  |k DER 
952 |0 0  |1 0  |4 0  |6 349_460000000000000_GAC_1975  |7 0  |8 DER_HIS  |9 296673  |a BIBDER  |b BIBDER  |d 2019-11-20  |i 3922898  |o 349.46 GAC 1975  |p 3922898  |r 2023-01-25  |w 2019-11-20  |x Ubicación 4to Piso  |y BK  |z Estos recursos deben solicitarse con anticipación  |k DER